000 00952nam a2200289 a 4500
001 57242
003 BD-RjUL
005 20211209080504.0
008 161207s1974 enk b 001 0 eng
020 _a0875892051
035 _a(BD-RjUL)57366
040 _aDLC
_cDLC
_dBD-RjUL
_beng
041 _aeng
082 0 0 _a302.34
_223
_bANA 1974
245 1 0 _aAnalysis of groups,
_cEdited by Graham S. Gibbard, John J. Hartman, Richard D. Mann
260 _aLondon :
_bJossey-Bass Publishers,
_c1974.
300 _axxiv, 444 p.
_c24 cm.
490 0 _aJossey-Bass behavioral science series
504 _aIncludes Bibliographical References
650 0 _aSmall groups.
_9149725
650 0 _aGroup Work
_9169992
700 1 _aGibbard, Graham S.,
_9169993
700 1 _aHartman, John J.
_9169994
700 1 _aMann, Richard D.
_q(Richard Dewey),
_d1933-
_ejoint comp.
_9169995
830 _aJossey-Bass behavioral science series
_9170719
942 _2ddc
_cBK
999 _c57242
_d57242